000 00351nam a2200157Ia 4500
100 _aWhalen/Edward
650 _aOracle
942 _cBK
366 _f15
654 _aoracle
245 _aOracle Database 10g Linux Administration
260 _bOracle Press
_aNew Delhi
_c2005
082 _a005.133O/WHA
_bWHA
300 _a465
546 _aENGLISH
999 _c27182
_d27182